000 02173nam0a2200361 4500
001 RU\NLR\BIBL_A\011806173
005 20181011102352.0
010 _a978-5-907049-18-5
_9500
021 _aRU
_bКН-П-18-063211
_9КН-П-18-4551
035 _a(NLR Aleph) 011806173
035 _a(RuMoRGB)009729227
090 _a11892912
_c11892912
100 _a20181001d2018 u y0rusy50 ca
101 0 _arus
102 _aRU
105 _aa|||zzzz0|1zy
200 1 _aМетодологические основы моделирования
_eучебное пособие
_fР. А. Томакова
_gМинобрнауки России, Федеральное государственное бюджетное образовательное учреждение высшего образования "Юго-Западный государственный университет" (ЮЗГУ)
210 _aКурск
_cЮго-Западный государственный университет
_d2018
215 _a257 с.
_cил., табл.
_d21
320 _aБиблиогр.: с. 253-257 (45 назв.)
606 1 _aМатематическое моделирование
_jУчебные издания для высших учебных заведений
_2nlr_sh1
_2nlr_sh2
_3RU\NLR\AUTH\6611207
606 1 _aИмитационное моделирование
_jУчебные издания для высших учебных заведений
_2nlr_sh1
_2nlr_sh2
_3RU\NLR\AUTH\663774
606 1 _aКомпьютерное моделирование
_jУчебные издания для высших учебных заведений
_2nlr_sh1
_2nlr_sh2
_3RU\NLR\AUTH\66575708
606 1 _aМоделирование
_jУчебные издания для высших учебных заведений
_2nlr_sh1
_2nlr_sh2
_3RU\NLR\AUTH\66463959
686 1 _aЗ973.2-01с116я73-1
686 1 _aЗ973.3я73-1
686 1 _aВ1я73-1
700 1 _aТомакова
_bР. А.
_gРимма Александровна
942 _cBOOK
980 _aNBR
980 _aNB